MARC

LEADER 00000nam0a2200000 4500
001 251871
005 20231101232709.0
035 |a (RuTPU)RU\TPU\book\274183 
090 |a 251871 
100 |a 20140225d1988 m y0rusy50 ca 
101 0 |a rus 
102 |a RU 
105 |a a j 001zy 
200 1 |a Основы расчета на прочность деталей машин  |e учебное пособие  |f В. Н. Комков  |g Ленинградский политехнический институт им. М. И. Калинина (ЛПИ) 
205 |a 2-е изд., перераб. и доп. 
210 |a Ленинград  |c Изд-во Ленинградского политехнического ин-та  |d 1988 
215 |a 92 с.  |c ил. 
320 |a Библиогр.: с. 71. 
606 1 |a Детали машин  |x Расчет на прочность  |2 stltpush  |3 (RuTPU)RU\TPU\subj\9219  |9 36495 
610 1 |a учебные пособия 
610 1 |a статическая прочность 
610 1 |a усталостная прочность 
610 1 |a прочность 
610 1 |a расчеты 
610 1 |a разрушение 
675 |a 621.8:539.4(075.8)  |v 3 
700 1 |a Комков  |b В. Н.  |g Виктор Николаевич 
712 0 2 |a Ленинградский политехнический институт им. М. И. Калинина (ЛПИ)  |c (1924-1930, 1940-1990)  |2 stltpush  |3 (RuTPU)RU\TPU\col\2601 
801 1 |a RU  |b 63413507  |c 20140225 
801 2 |a RU  |b 63413507  |c 20140313  |g RCR 
942 |c BK